• 首页
  • 本馆介绍
  • 公告通知
  • 最新文献
  • 馆藏检索
  • 电子资源
  • 读者导购
  • 参考咨询
  • 我的图书馆
  • 登录
  • 详细信息显示
  • 放入我的书架
  • 预约/预借图书
  • 作者相关作品
  • 分类相关作品
  • 丛书相关作品
  • 出版社相关作品

书目信息

  • 表格格式
  • 工作单格式
  • 卡片格式
题名:
英语短语练习册
    
 
作者: 费尔 , Ferrier , 罗纳德E·贾尔 著 ;王家骅 译
分册:  
出版信息: 北京   北京师范大学出版社  1986
页数: 229页
开本: 19cm
丛书名:
单 册:
中图分类: H313.3-44
科图分类:
主题词: 英语-短语--习题 , 短语-英语--习题
电子资源:
ISBN: 7-303-00165-4
000 00943nam0 2200301 45
001 0186016118
005 20040506091937.5
010    @dCNY1.65@a7-303-00165-4
100    @a19900809d1986 em y0chiy0121 ea
101 1  @achi@ceng
102    @aCN@b110000
105    @ay e 000yy
106    @ar
200 10 @a英语短语练习册@Aying yu duan yu lian xi ce@f(美)罗纳德E·贾尔著@F(Mei)Luo Na De E·Jia Er Zhu@g王家骅译
210    @a北京@c北京师范大学出版社@d1986@a北京@c北京师范大学出版社
215    @a229页@d19cm
300    @a书名原文: Practice with idioms.
510 1  @aPractice with idioms@zeng
606    @a英语-短语@x习题
606    @a短语-英语@x习题
690    @aH313.3-44@v3
701  1 @a费尔@Afei er@bR.E.@4著
701 A1 @aFerrier@bR.E.@4著
701  0 @a罗纳德E·贾尔@4著
702  0 @a王家骅@Awang jia hua@4译
801  0 @aCN@b深圳图书馆@c20040506
801  2 @aCN@bNLC@c20040506
905    @f4@b213858-861@dH313.3-44@e132
    
    英语短语练习册/(美)罗纳德E·贾尔著/王家骅译.-北京:北京师范大学出版社,1986;北京:北京师范大学出版社
    229页;19cm
    书名原文: Practice with idioms.
    
    ISBN 7-303-00165-4:CNY1.65
    
●
相关链接 在E读中查询图书 在五车中查询图书 在当当中查询图书 在豆瓣中查询图书


正题名:英语短语练习册     索取号:H313.3-44/132         预约/预借

序号 登录号 条形码 馆藏地/架位号 状态 备注
1 0213858   001379332   第四借阅区/ [索取号:H313.3-44/132] 在馆    
2 0213859   001379298   第四借阅区/ [索取号:H313.3-44/132] 在馆    
3 0213860   001379252   第四借阅区/ [索取号:H313.3-44/132] 在馆    
4 0213861   001379378   第四借阅区/ [索取号:H313.3-44/132] 在馆    
5 0213862   001379412   第二样本阅览室/ [索取号:H313.3-44/132] 在馆    
唐山师范学院图书馆 欢迎您!
大连网信软件有限公司© 版权所有